000 00881nam a2200289 a 4500
001 000114540
003 CHAP
005 20220329144445.0
008 180302s1977 mx |r| ||||||spa d
010 _a111001
011 _a111973
040 _cCHAP
082 0 4 _a301.444
_bP37
100 0 0 _aParé O., Luisa.
_985658
245 1 3 _aEl proletariado agrícola en México :
_b¿campesinado sin tierra o proletarios agrícolas? /
_cpor Luisa Paré O.
260 _aMéxico, D.F. :
_bSiglo XXI,
_c1977.
300 _a255 P.
490 _aSociología y política
590 _aE5765TAJ
_b05
_c20180302
_lUCH01
_h0925
650 1 4 _aAgricultura
_xTrabajadores
_xMéxico
_91867
650 1 4 _aCostos y nivel de vida
_zMéxico.
_928549
650 1 4 _aTierras
_xTenencia
_zMéxico.
_9113215
830 0 _aSociología y política
_9108249
901 _aBK
942 _cLIBRO
942 _n0
999 _c111001
_d111001